000 00331nam a22001457a 4500
008 230207b ||||| |||| 00| 0 eng d
020 _a9780131491168
041 _aeng
080 _2FOURTH EDITION
_a51
082 _a51SUL
100 _a20
101 _aMATEM
245 _aCOLLEGE ALGEBRA
_cSULLIVAN SULLIVAN
942 _2udc
_cBK
999 _c59329
_d59329